[Event "Bayern-chI Bank Hofmann 27th"]
[Site "Gmund am Tegernsee"]
[Date "2024.11.01"]
[Round "7"]
[White "Guth, Thomas"]
[Black "Bossinger, Patrick"]
[Result "1/2-1/2"]
[WhiteElo "2261"]
[BlackElo "2094"]
[PlyCount "109"]
[EventDate "2024.10.26"]
[EventType "swiss"]
[EventRounds "9"]
[EventCountry "GER"]
[SourceTitle "CB45_2024"]
[Source "ChessBase"]
[SourceDate "2024.11.06"]
[SourceVersion "1"]
[SourceVersionDate "2024.11.06"]
[SourceQuality "1"]

1. e4 c5 2. Nf3 Nc6 3. Nc3 g6 4. Bb5 Bg7 5. 0-0 e5 6. a4 Nge7 7. d3 0-0 8. Bc4 h6 9. Ne1 Nd4 10. f4 exf4 11. Bxf4 d6 12. Qd2 Kh7 13. Nf3 Be6 14. Nxd4 Bxd4+ 15. Kh1 Bg7 16. Bxe6 fxe6 17. Qe3 Nc6 18. Bg3 Nd4 19. Qd2 Qd7 20. h3 h5 21. Rae1 Qe7 22. Nb5 Nxb5 23. axb5 a6 24. Rxf8 Qxf8 25. bxa6 Rxa6 26. Qf4 Qxf4 27. Bxf4 Ra2 28. Rb1 d5 29. exd5 exd5 30. c3 Kg8 31. Kg1 b5 32. Bd6 c4 33. d4 Ra6 34. Bc5 Kf7 35. Kf2 Bf6 36. g3 Ra8 37. Kf3 Ra6 38. Re1 Ra8 39. Kf4 Ra6 40. Bb4 Bd8 41. Kf3 Bf6 42. g4 hxg4+ 43. Kxg4 Ra8 44. Bc5 Ra6 45. Rg1 Ra8 46. Kf4 Ra6 47. Rf1 Ra8 48. Bb4 Ra6 49. Kg4 Ra8 50. h4 Rh8 51. Rh1 Ke6 52. Re1+ Kf7 53. Rh1 Ke6 54. Re1+ Kf7 55. Rf1 1/2-1/2

[Event "Bayern-chI Bank Hofmann 27th"]
[Site "Gmund am Tegernsee"]
[Date "2024.10.30"]
[Round "5"]
[White "Schramm, Christian"]
[Black "Bossinger, Patrick"]
[Result "1/2-1/2"]
[WhiteElo "2361"]
[BlackElo "2094"]
[PlyCount "90"]
[EventDate "2024.10.26"]
[EventType "swiss"]
[EventRounds "9"]
[EventCountry "GER"]
[SourceTitle "CB45_2024"]
[Source "ChessBase"]
[SourceDate "2024.11.06"]
[SourceVersion "1"]
[SourceVersionDate "2024.11.06"]
[SourceQuality "1"]

1. e4 c5 2. Nc3 Nc6 3. Nf3 g6 4. Bb5 Bg7 5. 0-0 Nf6 6. d3 0-0 7. h3 Nd4 8. Bc4 d6 9. a4 Bd7 10. Nxd4 cxd4 11. Ne2 Ne8 12. Bg5 Nc7 13. Qd2 Bc6 14. Bh6 e5 15. Bxg7 Kxg7 16. f4 f6 17. Bb3 Qe7 18. c3 d5 19. exd5 Bxd5 20. Bxd5 Nxd5 21. cxd4 exd4 22. Nxd4 Qc5 23. Qf2 Nxf4 24. Nf5+ Qxf5 25. Qxf4 Qxf4 26. Rxf4 Rad8 27. Rb4 Rf7 28. d4 Rc7 29. Rd1 Rd5 30. Rd2 f5 31. Kf2 Kf6 32. Ke3 b6 33. Rc4 Rd8 34. b3 Rdc8 35. Re2 Rd8 36. Kd3 Rdc8 37. Rd2 Ke6 38. Re2+ Kd6 39. Rd2 Ke6 40. Re2+ Kd6 41. Re8 Kd7 42. Rxc7+ Rxc7 43. Rh8 h5 44. Re8 Kd6 45. Re1 Kd7 1/2-1/2

[Event "Oberliga Wuerttemberg 2324"]
[Site "Wuerttemberg"]
[Date "2024.04.14"]
[Round "9.5"]
[White "Bossinger, Patrick"]
[Black "Gustain, Marc"]
[Result "0-1"]
[WhiteElo "2081"]
[BlackElo "2174"]
[PlyCount "166"]
[EventDate "2023.09.17"]
[EventType "team-tourn"]
[EventRounds "9"]
[EventCountry "GER"]
[SourceTitle "EXT 2025"]
[Source "ChessBase"]
[SourceDate "2024.10.14"]
[SourceVersion "1"]
[SourceVersionDate "2024.10.14"]
[SourceQuality "1"]
[WhiteTeam "Jedesheim"]
[BlackTeam "Deizisau II"]
[WhiteTeamCountry "GER"]
[BlackTeamCountry "GER"]

1. e4 d5 2. exd5 Qxd5 3. Nc3 Qd8 4. Nf3 Nf6 5. Bc4 a6 6. a4 Nc6 7. h3 Bf5 8. d3 e6 9. 0-0 Be7 10. Bf4 0-0 11. Nh4 Nd4 12. Nxf5 Nxf5 13. Re1 Bd6 14. Bxd6 Nxd6 15. Bb3 c5 16. a5 Qc7 17. Qf3 Nf5 18. Ne2 Rad8 19. Red1 Ne7 20. Qf4 Rd6 21. c3 Rfd8 22. Qc4 Qc6 23. Bc2 Qd5 24. Qa4 Qc6 25. Qc4 Qd5 26. Qa4 Qe5 27. Re1 Qg5 28. Qf4 Qxf4 29. Nxf4 Nc6 30. g3 Nd7 31. h4 Nde5 32. Kg2 h6 33. h5 Ng4 34. Ra4 Nf6 35. Rh1 Nd5 36. Ne2 Nf6 37. Rc4 Nd7 38. Ra1 Nce5 39. Re4 Nxd3 40. Rd1 Nf6 41. Rc4 Nxh5 42. Bxd3 Rxd3 43. Rxd3 Rxd3 44. Rxc5 Nf6 45. Rc8+ Kh7 46. Nd4 e5 47. Nb3 e4 48. Rb8 Rd7 49. Nc5 Rd2 50. Kg1 Rxb2 51. Rxb7 Rxb7 52. Nxb7 Nd7 53. Nd6 Nc5 54. Nxf7 Nb3 55. Nd6 Nxa5 56. Nxe4 Nc6 57. Kf1 Kg6 58. Ke2 Kf5 59. Ke3 g5 60. Nc5 a5 61. Kf3 h5 62. g4+ hxg4+ 63. Kg3 Ne5 64. Kg2 Nc4 65. Na4 Kf4 66. Kh2 Kf3 67. Kg1 g3 68. fxg3 Kxg3 69. Nc5 g4 70. Ne4+ Kf4 71. Nf2 a4 72. Nd3+ Ke3 73. Nb4 Kd2 74. Na2 Ke3 75. Kg2 Kf4 76. Nb4 a3 77. Kf2 g3+ 78. Kg2 Ne3+ 79. Kg1 Kf3 80. Na2 Nc4 81. Nb4 Nb2 82. Na2 Nd3 83. c4 Nf4 0-1

[Event "Oberliga Wuerttemberg 2324"]
[Site "Wuerttemberg"]
[Date "2023.11.05"]
[Round "3.7"]
[White "Bossinger, Patrick"]
[Black "Engelhart, Achim"]
[Result "0-1"]
[WhiteElo "2081"]
[BlackElo "2057"]
[PlyCount "128"]
[EventDate "2023.09.17"]
[EventType "team-tourn"]
[EventRounds "9"]
[EventCountry "GER"]
[SourceTitle "EXT 2025"]
[Source "ChessBase"]
[SourceDate "2024.10.14"]
[SourceVersion "1"]
[SourceVersionDate "2024.10.14"]
[SourceQuality "1"]
[WhiteTeam "Jedesheim"]
[BlackTeam "Biberach"]
[WhiteTeamCountry "GER"]
[BlackTeamCountry "GER"]

1. e4 e6 2. d4 d5 3. exd5 exd5 4. Nf3 Bd6 5. Bd3 Nc6 6. c3 Nge7 7. Qc2 Bg4 8. Nbd2 Qd7 9. 0-0 Bf5 10. Re1 Bxd3 11. Qxd3 f6 12. b4 0-0 13. Nb3 b6 14. b5 Nd8 15. a4 Nf7 16. Bd2 Rfe8 17. a5 Ng6 18. g3 Rxe1+ 19. Rxe1 Re8 20. Rxe8+ Qxe8 21. Be3 Qe6 22. Ne1 Ne7 23. axb6 axb6 24. Nc1 Qf5 25. Nc2 Qxd3 26. Nxd3 g5 27. Kf1 Kf8 28. Ke2 Ke8 29. Ndb4 Bxb4 30. Nxb4 Nd6 31. Kd3 Nxb5 32. g4 Nd6 33. f4 gxf4 34. Bxf4 Kd7 35. Bg3 c6 36. Ke3 Ke6 37. Kf3 Nb5 38. Be1 Kd6 39. Bg3+ Kd7 40. Be1 Ke6 41. Nd3 Ng6 42. h4 Ne7 43. h5 Nc8 44. Ke3 Ncd6 45. Nf4+ Kf7 46. Kd3 Nc4 47. Bh4 Nbd6 48. Be1 Ne4 49. Ng2 f5 50. gxf5 Kf6 51. Nh4 Ned6 52. Ke2 Nxf5 53. Nf3 Kg7 54. Ne5 Nxe5 55. dxe5 Kh6 56. Kf3 Kxh5 57. Kf4 Kg6 58. Bf2 c5 59. Bg1 Ng7 60. e6 Kf6 61. e7 Ne6+ 62. Kg4 Kxe7 63. Kh5 Nf4+ 64. Kh6 Ne2 0-1

[Event "Oberliga Wuerttemberg 1920"]
[Site "Wuerttemberg"]
[Date "2019.12.01"]
[Round "4.8"]
[White "Bossinger, Patrick"]
[Black "Frolik, Erhard"]
[Result "1/2-1/2"]
[WhiteElo "2029"]
[BlackElo "2197"]
[PlyCount "33"]
[EventDate "2019.09.15"]
[EventType "team-tourn"]
[EventRounds "9"]
[EventCountry "GER"]
[SourceTitle "EXT 2021"]
[Source "ChessBase"]
[SourceDate "2020.10.23"]
[SourceVersion "1"]
[SourceVersionDate "2020.10.23"]
[SourceQuality "1"]
[WhiteTeam "Jedesheim"]
[BlackTeam "Boeblingen"]
[WhiteTeamCountry "GER"]
[BlackTeamCountry "GER"]

1. e4 c5 2. Nf3 e6 3. c3 d5 4. exd5 Qxd5 5. Na3 Nf6 6. Bc4 Qd8 7. 0-0 Nc6 8. Nc2 Be7 9. d4 0-0 10. dxc5 Bxc5 11. Be3 Qe7 12. Ncd4 Bd7 13. Nxc6 Bxc6 14. Bxc5 Qxc5 15. Qd4 Qxd4 16. Nxd4 Bd5 17. Bxd5 1/2-1/2

[Event "BL2-Sued 1819"]
[Site "Germany"]
[Date "2018.11.10"]
[Round "1.8"]
[White "Weichhold, Pawel"]
[Black "Bossinger, Patrick"]
[Result "1-0"]
[WhiteElo "2424"]
[BlackElo "1976"]
[PlyCount "81"]
[EventDate "2018.11.10"]
[EventType "team-tourn"]
[EventRounds "10"]
[EventCountry "GER"]
[SourceTitle "CBM 190 Extra"]
[Source "ChessBase"]
[SourceDate "2019.07.15"]
[SourceVersion "1"]
[SourceVersionDate "2019.07.15"]
[SourceQuality "1"]
[WhiteTeam "Heusenstamm"]
[BlackTeam "Jedesheim"]
[WhiteTeamCountry "GER"]
[BlackTeamCountry "GER"]

1. e4 c5 2. Nf3 d6 3. d4 cxd4 4. Nxd4 g6 5. g3 Bg7 6. Bg2 Nf6 7. Nc3 0-0 8. h3 Nc6 9. Nde2 Bd7 10. b3 Rc8 11. Bb2 Qc7 12. Rb1 a6 13. 0-0 Rfe8 14. Nd5 Nxd5 15. exd5 Nd8 16. Bxg7 Kxg7 17. c3 e6 18. dxe6 Nxe6 19. Qd2 Bc6 20. Rfd1 Bxg2 21. Kxg2 Rcd8 22. c4 Qc6+ 23. f3 f6 24. Nc3 Ng5 25. Nd5 Qc8 26. g4 h5 27. Re1 hxg4 28. hxg4 Re5 29. Qd3 Rh8 30. Rxe5 fxe5 31. Qe3 Ne6 32. Qb6 Qc6 33. Qe3 Qc8 34. Qb6 Qc6 35. Qb4 Nd4 36. Qe1 Nc2 37. Qd2 Nd4 38. Qg5 Rf8 39. Rh1 Kf7 40. Qe7+ Kg8 41. Qh7# 1-0